[Event "Wales-chT 1920"]
[Site "Wales"]
[Date "2020.02.23"]
[Round "4.16"]
[White "Perrett, David C"]
[Black "Jones, Derek"]
[Result "0-1"]
[WhiteElo "1941"]
[BlackElo "1950"]
[PlyCount "46"]
[EventDate "2019.10.20"]
[EventType "team-tourn"]
[EventRounds "7"]
[EventCountry "WLS"]
[SourceTitle "EXT 2022"]
[Source "ChessBase"]
[SourceDate "2021.10.06"]
[SourceVersion "1"]
[SourceVersionDate "2021.10.06"]
[SourceQuality "1"]
[WhiteTeam "The Full Ponty"]
[BlackTeam "Cardiff"]
[WhiteTeamCountry "WLS"]
[BlackTeamCountry "WLS"]

1. d4 Nf6 2. Bg5 d5 3. Bxf6 gxf6 4. e3 c5 5. c3 e6 6. Nd2 cxd4 7. cxd4 Nc6 8. Ne2 Be7 9. Nc3 0-0 10. Bd3 e5 11. Qh5 e4 12. Ndxe4 dxe4 13. Bxe4 f5 14. Bxf5 Bxf5 15. Qxf5 Qc8 16. Qf3 Nb4 17. 0-0 Qc6 18. Qg3+ Kh8 19. Qe5+ Bf6 20. Qf4 Rad8 21. Ne4 Bg7 22. Rac1 Qg6 23. Rc3 Nd5 0-1

[Event "BCF-chT3Sa 1920 (4NCL)"]
[Site "England"]
[Date "2020.02.08"]
[Round "5.26"]
[White "Jones, Derek"]
[Black "Kemp, Paul R"]
[Result "1/2-1/2"]
[WhiteElo "1963"]
[BlackElo "2021"]
[PlyCount "56"]
[EventDate "2019.11.09"]
[EventType "team-tourn"]
[EventRounds "11"]
[EventCountry "ENG"]
[SourceTitle "EXT 2023"]
[Source "ChessBase"]
[SourceDate "2022.10.05"]
[SourceVersion "1"]
[SourceVersionDate "2022.10.05"]
[SourceQuality "1"]
[WhiteTeam "Rhyfelwyr Essyllwg"]
[BlackTeam "Poisoned Pawns"]
[WhiteTeamCountry "WLS"]
[BlackTeamCountry "ENG"]

1. c4 e5 2. Nc3 Nf6 3. Nf3 Nc6 4. e3 d6 5. d4 Bg4 6. Be2 Be7 7. d5 Nb8 8. e4 0-0 9. 0-0 Nbd7 10. Be3 Nh5 11. Nd2 Bxe2 12. Qxe2 g6 13. g3 Qe8 14. Nb5 Qc8 15. b4 a6 16. Nc3 Qe8 17. Nb3 f5 18. f3 b6 19. a4 a5 20. bxa5 bxa5 21. Nb5 Qc8 22. Kg2 c6 23. dxc6 Qxc6 24. Nc3 fxe4 25. Nxe4 Nhf6 26. Nxf6+ Bxf6 27. Ra2 Rfc8 28. Rc1 Be7 1/2-1/2

[Event "South Wales op 16th"]
[Site "Cardiff"]
[Date "2019.07.11"]
[Round "7"]
[White "Brown, Thomas"]
[Black "Jones, Derek"]
[Result "1/2-1/2"]
[WhiteElo "2092"]
[BlackElo "1937"]
[PlyCount "62"]
[EventDate "2019.07.07"]
[EventType "swiss"]
[EventRounds "9"]
[EventCountry "WLS"]
[SourceTitle "CBM 191 Extra"]
[Source "ChessBase"]
[SourceDate "2019.09.30"]
[SourceVersion "1"]
[SourceVersionDate "2019.09.30"]
[SourceQuality "1"]

1. d4 Nf6 2. c4 e6 3. Nc3 d5 4. Nf3 Be7 5. Bg5 h6 6. Bxf6 Bxf6 7. Qd2 0-0 8. e4 c5 9. cxd5 cxd4 10. Nxd4 Qb6 11. Nf3 Bxc3 12. bxc3 exd5 13. exd5 Re8+ 14. Be2 Qb5 15. Rc1 Qc4 16. Kf1 Qc5 17. c4 Nd7 18. g3 Nf6 19. Kg2 Bg4 20. Bd3 Bxf3+ 21. Kxf3 Nxd5 22. Bh7+ Kxh7 23. cxd5 Qd6 24. Rhd1 Rad8 25. Qc2+ Kg8 26. Qc7 Re7 27. Qxd6 Rxd6 28. Rc8+ Kh7 29. Rc5 Rf6+ 30. Kg4 Rg6+ 31. Kf3 Rf6+ 1/2-1/2

[Event "South Wales op 16th"]
[Site "Cardiff"]
[Date "2019.07.07"]
[Round "1"]
[White "Jaberansari, Daniel"]
[Black "Jones, Derek"]
[Result "0-1"]
[WhiteElo "1383"]
[BlackElo "1937"]
[PlyCount "110"]
[EventDate "2019.07.07"]
[EventType "swiss"]
[EventRounds "9"]
[EventCountry "WLS"]
[SourceTitle "CBM 191 Extra"]
[Source "ChessBase"]
[SourceDate "2019.09.30"]
[SourceVersion "1"]
[SourceVersionDate "2019.09.30"]
[SourceQuality "1"]

1. e4 e6 2. Nf3 d5 3. e5 c5 4. b4 cxb4 5. d4 Nc6 6. a3 Qb6 7. axb4 Bxb4+ 8. c3 Be7 9. Ba3 Bd7 10. Be2 Rc8 11. 0-0 a6 12. c4 dxc4 13. Nc3 Bxa3 14. Rxa3 Nge7 15. Ne4 0-0 16. Nd6 Rc7 17. Bxc4 Na5 18. Bd3 h6 19. Qd2 Nac6 20. Rb1 Qa7 21. Nb5 Qb8 22. Nxc7 Qxc7 23. Be4 Bc8 24. Rc1 Rd8 25. Rd3 Nd5 26. Bxd5 Rxd5 27. Qc3 Qd8 28. Rcd1 a5 29. Ne1 Nb4 30. R3d2 b5 31. Nc2 Nxc2 32. Rxc2 Bd7 33. Qc7 Qxc7 34. Rxc7 b4 35. Rc5 a4 36. Kf1 b3 37. Rxd5 exd5 38. Ke2 a3 39. Kd2 b2 40. Kc3 Bf5 41. Kb3 b1Q+ 42. Rxb1 Bxb1 43. Kxa3 g5 44. Kb4 Kg7 45. Kc5 Ba2 46. g3 g4 47. Kd6 Kg6 48. Ke7 Kf5 49. Kxf7 Ke4 50. e6 Bc4 51. e7 Bb5 52. Kg6 Kxd4 53. Kxh6 Ke4 54. Kg5 Kf3 55. Kf5 d4 0-1

[Event "WLS-chT 1819"]
[Site "Wales"]
[Date "2019.04.28"]
[Round "5.12"]
[White "Bevan, Peter M"]
[Black "Jones, Derek"]
[Result "1-0"]
[WhiteElo "1920"]
[BlackElo "1925"]
[PlyCount "79"]
[EventDate "2018.11.04"]
[EventType "team-tourn"]
[EventRounds "5"]
[EventCountry "WLS"]
[SourceTitle "EXT 2020"]
[Source "ChessBase"]
[SourceDate "2019.10.17"]
[SourceVersion "1"]
[SourceVersionDate "2019.10.17"]
[SourceQuality "1"]
[WhiteTeam "White Knights"]
[BlackTeam "Cardiff"]
[WhiteTeamCountry "WLS"]
[BlackTeamCountry "WLS"]

1. c4 Nf6 2. g3 c5 3. Bg2 d5 4. cxd5 Nxd5 5. Nc3 Nc7 6. a3 e5 7. b4 cxb4 8. axb4 Be7 9. Nf3 Nd7 10. b5 0-0 11. 0-0 f5 12. d3 Kh8 13. Ba3 Bxa3 14. Rxa3 Qe7 15. Qa1 a6 16. Nd2 Rb8 17. Rb1 axb5 18. Nxb5 Nxb5 19. Rxb5 Nc5 20. Qc3 b6 21. Nc4 e4 22. Rxb6 Rxb6 23. Nxb6 Be6 24. d4 Nb3 25. Rxb3 Bxb3 26. Qxb3 Qb7 27. Qe6 Qf7 28. Qxf7 Rxf7 29. e3 g5 30. Bf1 f4 31. gxf4 gxf4 32. exf4 Rxf4 33. d5 Kg7 34. d6 Rf6 35. d7 Rd6 36. Bh3 Kf6 37. Nc4 Rd1+ 38. Kg2 Ke7 39. Na5 Rd6 40. Nb7 1-0

[Event "WLS-ch 65th"]
[Site "Cardiff"]
[Date "2019.04.20"]
[Round "3"]
[White "Jukes, Sam"]
[Black "Jones, Derek"]
[Result "1-0"]
[WhiteElo "1892"]
[BlackElo "1925"]
[PlyCount "93"]
[EventDate "2019.04.19"]
[EventType "swiss"]
[EventRounds "7"]
[EventCountry "WLS"]
[SourceTitle "CBM 189 Extra"]
[Source "ChessBase"]
[SourceDate "2019.06.03"]
[SourceVersion "1"]
[SourceVersionDate "2019.06.03"]
[SourceQuality "1"]

1. e4 c5 2. Nf3 d6 3. d4 cxd4 4. Qxd4 a6 5. c4 Nc6 6. Qd1 Nf6 7. Nc3 e6 8. Be2 Be7 9. 0-0 0-0 10. h3 b6 11. Re1 Bb7 12. Bf1 Rc8 13. b3 Qc7 14. Bf4 Ne5 15. Rc1 Ng6 16. Bh2 Rfd8 17. Nd4 Qc5 18. Nc2 Qg5 19. Re3 b5 20. cxb5 axb5 21. a4 Rxc3 22. Rxc3 Nxe4 23. Rc7 Ba8 24. Ne1 bxa4 25. bxa4 Nc5 26. Rc4 Bd5 27. Rg4 Qf6 28. Qd4 h5 29. Qxf6 Bxf6 30. Rg3 Rb8 31. Rxg6 fxg6 32. Rxc5 Rb1 33. Rc8+ Kh7 34. Nf3 Ra1 35. Bxd6 Rxa4 36. Rc7 Ra1 37. Be5 Bxe5 38. Nxe5 g5 39. f3 Re1 40. Nd3 Ra1 41. Kf2 h4 42. Nb4 Bb3 43. Bd3+ Kh6 44. Rc8 g6 45. Rg8 Rd1 46. Rxg6+ Kh5 47. Rg8 1-0

[Event "WLS-ch 65th"]
[Site "Cardiff"]
[Date "2019.04.20"]
[Round "4"]
[White "Young, Alan J"]
[Black "Jones, Derek"]
[Result "1-0"]
[WhiteElo "2021"]
[BlackElo "1925"]
[PlyCount "45"]
[EventDate "2019.04.19"]
[EventType "swiss"]
[EventRounds "7"]
[EventCountry "WLS"]
[SourceTitle "CBM 189 Extra"]
[Source "ChessBase"]
[SourceDate "2019.06.03"]
[SourceVersion "1"]
[SourceVersionDate "2019.06.03"]
[SourceQuality "1"]

1. e4 c5 2. c3 Nf6 3. e5 Nd5 4. d4 cxd4 5. Nf3 e6 6. cxd4 d6 7. a3 b6 8. Bd3 Bb7 9. 0-0 Be7 10. Re1 Nc6 11. Qe2 dxe5 12. dxe5 0-0 13. Qe4 g6 14. Bh6 Re8 15. Nbd2 Qd7 16. Rad1 Ncb4 17. axb4 Nxb4 18. Bb5 Qxb5 19. Qxb7 Nd5 20. Nd4 Qxb2 21. Nc6 Bc5 22. Ne4 Qa3 23. Rxd5 1-0

[Event "WLS-chT 1819"]
[Site "Wales"]
[Date "2018.11.04"]
[Round "1.4"]
[White "Jones, Derek"]
[Black "Adams, Mark"]
[Result "1/2-1/2"]
[WhiteElo "1912"]
[BlackElo "1965"]
[PlyCount "41"]
[EventDate "2018.11.04"]
[EventType "team-tourn"]
[EventRounds "5"]
[EventCountry "WLS"]
[SourceTitle "EXT 2020"]
[Source "ChessBase"]
[SourceDate "2019.10.17"]
[SourceVersion "1"]
[SourceVersionDate "2019.10.17"]
[SourceQuality "1"]
[WhiteTeam "Cardiff"]
[BlackTeam "The Full Ponty"]
[WhiteTeamCountry "WLS"]
[BlackTeamCountry "WLS"]

1. Nf3 c5 2. c4 Nc6 3. Nc3 g6 4. g3 Bg7 5. Bg2 Nf6 6. d4 cxd4 7. Nxd4 0-0 8. Nc2 d6 9. 0-0 Bd7 10. b3 Qc8 11. Re1 Bh3 12. Bh1 h5 13. Bb2 h4 14. Nd5 Nxd5 15. Bxg7 Kxg7 16. cxd5 Ne5 17. Ne3 hxg3 18. hxg3 Rh8 19. Qd4 f6 20. Rac1 Qd7 21. Rc3 1/2-1/2

[Event "BCF-chT3Sa 1617 (4NCL)"]
[Site "England"]
[Date "2016.11.27"]
[Round "2.46"]
[White "Byway, Paul V"]
[Black "Jones, Derek"]
[Result "1-0"]
[WhiteElo "2048"]
[BlackElo "1906"]
[PlyCount "47"]
[EventDate "2016.11.26"]
[EventType "team-tourn"]
[EventRounds "11"]
[EventCountry "ENG"]
[SourceTitle "EXT 2019"]
[Source "ChessBase"]
[SourceDate "2018.10.10"]
[SourceVersion "1"]
[SourceVersionDate "2018.10.10"]
[SourceQuality "1"]
[WhiteTeam "Poisoned Pawns"]
[BlackTeam "Rhyfelwyr Essyllwg"]
[WhiteTeamCountry "ENG"]
[BlackTeamCountry "WLS"]

1. Nf3 Nf6 2. c4 g6 3. Nc3 Bg7 4. d4 0-0 5. e3 d5 6. Be2 dxc4 7. Bxc4 c5 8. 0-0 cxd4 9. exd4 Nc6 10. h3 b6 11. Bf4 Bb7 12. a3 Rc8 13. Ba2 Na5 14. Re1 a6 15. Qe2 e6 16. Rad1 b5 17. Ne5 Nd5 18. Bd2 Nxc3 19. Bxc3 Bd5 20. Bxd5 exd5 21. Bb4 Re8 22. Qf3 f6 23. Bxa5 Qxa5 24. Qxd5+ 1-0